000
00295nam a2200121Ia 4500
008
231120s2020 xx 000 0 und d
041
_a
eng
082
_a
751.422
100
_a
STEPHEN COALES
245
_a
THE WATERCOLOUR ENIGMA
260
_a
SEARCH PRESS
_b
SEARCH PRESS
_c
2020
300
_a
P-128
999
_c
933356
_d
933356